Le nouveau sans frontìeres
Đã lưu trong:
| Hovedforfatter: | |
|---|---|
| Format: | Bog |
| Sprog: | Undetermined |
| Udgivet: |
Tp.Hồ Chí Minh
Nhà xuất bản Tp.Hồ Chí Minh
2004
|
| Fag: | |
| Tags: |
Tilføj Tag
Ingen Tags, Vær først til at tagge denne postø!
|
| Thư viện lưu trữ: | Trung tâm Học liệu Trường Đại học Cần Thơ |
|---|
| LEADER | 00668nam a2200205Ia 4500 | ||
|---|---|---|---|
| 001 | CTU_92412 | ||
| 008 | 210402s9999 xx 000 0 und d | ||
| 020 | |c 30000 | ||
| 082 | |a 448 | ||
| 082 | |b N934 | ||
| 100 | |a Dương, Thị Thu Thi | ||
| 245 | 0 | |a Le nouveau sans frontìeres | |
| 245 | 0 | |c Dương Thị Thu thi, Lương Thị Mai Trâm, Nguyễn Kim Khánh; Trần Chánh Nguyên dịch | |
| 260 | |a Tp.Hồ Chí Minh | ||
| 260 | |b Nhà xuất bản Tp.Hồ Chí Minh | ||
| 260 | |c 2004 | ||
| 650 | |a French language | ||
| 650 | |x Study and teaching | ||
| 904 | |i Tuyến | ||
| 980 | |a Trung tâm Học liệu Trường Đại học Cần Thơ | ||